LEADER 01539nam a2200313 u 4500 001 000000023955 003 CaOOAMICUS 005 20070226111310.0 008 950613q1929 it cf u000 u ita u 035 $a10604854 040 $aPUL(R)$bita 100 1 $aSignorelli, Giuseppe,$d1859-1944.$0(OLS)http://pul/name/20111 245 13$aIl card. Egidio da Viterbo agostiniano umanista e riformatore :$b(in appendice l'epistolario in gran parte inedito) : 1469-1532 /$cGiuseppe Signorelli. 260 $aFirenze :$bLibreria editrice fiorentina,$c[1929] 300 $axiv, 270 p., [1] p. di tav. :$bant. (ritr.) ;$c25 cm 490 1 $aBiblioteca agostiniana ;$v16 500 $aData dell'imprimatur. 504 $aBibliografia nelle note a fine capitolo. 600 04$aEgidio da Viterbo,$ccard.,$d1469?-1532.$0(OLS)http://pul/subject/3775 830 0$aBiblioteca agostiniana ;$v16.$0(OLS)http://pul/title/1995 850 $aPUL 852 $aPUL$W1$xDP1 Fondo Maccarrone$y58$m1507 C 20$j33562$nBK-PRI$b $qFondi$B33562$CPULBib$Z2$F33562 $81 852 $aPUL$W1$xDP2 Filosofia 1$y62$m115 A 43$j33563$nBK-PRI$b $qStampati$B33563$CPULBib$Z2$F33563 $81 941 1 $a8 941 1 $a1 961 $aINV: 02068 -- Fondo Mons. M. Maccarrone 961 $aINV: 192 996 $6245$aIl card. Egidio da Viterbo agostiniano umanista e riformatore :$b(in appendice l'epistolario in gran parte inedito) : 1469-1532$9(OLS)http://pul/title/33245 996 $6260$aFirenze :$bLibreria editrice fiorentina$9(OLS)http://pul/publisher/48392 LEADER 02377nam a2200433 u 4500 001 000000008947 003 CaOOAMICUS 005 20070226105142.0 008 941219m19801981fr u000 u fre u 020 $a2204016799 (v. 1) 020 $a220401690X (v. 2) 035 $a10227605 040 $aPUL$bita 041 1 $afre$alat 100 1 $aTertullianus, Quintus Septimius Florens,$dc. 160-c. 225.$0(OLS)http://pul/name/1914 240 10$aAdversus Valentinianos$9(Tertullianus, Quintus Septimius Florens, c. 160-c. 225).$lFrancese e latino.$0(OLS)http://pul/title/13154 245 10$aContre les Valentiniens [...] /$cTertullien ; introduction, texte critique, traduction par Jean-Claude Fredouille. 260 $aParis :$bLes Éditions du Cerf,$c1980-1981. 300 $a2 v. ;$c20 cm 490 1 $aSources chrétiennes ;$v280-281 500 $aLatin text and French translation of: Adversus Valentinianos. 504 $aBibliography: v. 1, p. [66]-71. 505 0 $at. 1. Introduction, texte critique, traduction / par Jean-Claude Fredouille -- t. 2. Commentaire et index / par Jean-Claude Fredouille. 600 14$aTertullianus, Quintus Septimius Florens,$dc. 160-c. 225.$tAdversus Valentinianos$9(Tertullianus, Quintus Septimius Florens, c. 160-c. 225).$0(OLS)http://pul/subject/7484 650 0$aValentinians.$2//eng$0(OLS)http://pul/subject/7485 700 1 $aFredouille, Jean Claude.$0(OLS)http://pul/name/1916 830 0$aSources chrétiennes ;$v280-281.$0(OLS)http://pul/title/45 850 $aPUL 852 $aPUL$W1$xSL Religione 2$y84$mTheol E3 280-281$j12616$nBK-PRI$b $qStampati altre collocazioni$B12616$CPULBib$Z2$F12616 $H $81 852 $aPUL$W1$xSL Religione 2$y84$mTheol E3 280-281$j12616$nBK-PRI$b $qStampati altre collocazioni$B12617$CPULBib$Z2$F12617 $H $81 900 $aTertulliano,$dc. 160-c. 225$91914 900 $aTertulliano, Quinto Settimio Fiorente,$dc. 160-c. 225$91914 941 1 $a10 961 $aINV: 49025-49026 961 $aINV: 49025-49026 996 $6020$a2204016799 (v. 1)$9(OLS)http://pul/number/11525 996 $6020$a220401690X (v. 2)$9(OLS)http://pul/number/11526 996 $6245$aContre les Valentiniens [...]$9(OLS)http://pul/title/13155 996 $6260$aParis :$bLes Éditions du Cerf$9(OLS)http://pul/publisher/47861